Reconnaître un joueur après une carrière - Statistiques

Statistiques générales
  • Ce quiz a été pris 65 fois
  • Le résultat moyen est 4 sur 5
Statistiques - réponses
Carrière Réponse % Correct
FC Barcelona PSG Inter Miami Messi
100%
Santos FC Barcelona PSG Al Hilal Santos Neymar
97%
Znicz PruszkówLech Poznań Borussia Dortmund Bayern Munich FC Barcelona Lewandowski
92%
AS Roma Totti
88%
FC Barcelona Yamal
23%
Aucun quiz correspondant
Distribution des résultats
% des personnes avec chaque résultat
Percentile par nombre de réponses
Votre historique - résultats
Vous n’avez pas pris ce quiz